[Event "XXVI Ciudad de Linares"]
[Site "Linares"]
[Date "2009.02.21"]
[Round "3"]
[White "Ivanchuk, Vassily"]
[Black "Grischuk, Alexander"]
[Result "1/2-1/2"]
[WhiteElo "2779"]
[BlackElo "2733"]
[PlyCount "129"]
[EventDate "2009.??.??"]
[EventCountry "ESP"]
[Source "Chess Tigers"]
[SourceDate "2009.01.01"]

1. d4 Nf6 2. c4 e6 3. Nc3 Bb4 4. Nf3 c5 5. g3 cxd4 6. Nxd4 O-O 7. Bg2 d5 8.
cxd5 Nxd5 9. Qb3 Qa5 10. Bd2 Nc6 11. Nxc6 bxc6 12. O-O Bxc3 13. bxc3 Ba6 14.
Rfd1 Qc5 15. e4 Bc4 16. Qa4 Nb6 17. Qb4 Qh5 18. Re1 (18. Be3 Be2 19. Rd2 Rab8
20. Bxb6 axb6 21. Qd6 Bf3 (21... Rfc8 22. Rb1 h6 23. e5 Bf3 24. a4 Ra8 25. Qd4
b5 26. Bxf3 Qxf3 27. Rd3 {1/2-1/2 Bacrot,E (2675)-Leko,P (2741)/Moscow 2004/
CBM 102}) 22. Qxc6 Bxg2 23. Kxg2 Qe5 24. Qc4 Rfc8 25. Qd4 Qa5 26. Rb1 h6 27.
Rb4 Qc5 28. Rd3 Qc7 29. a4 Rd8 30. Qe3 Rxd3 31. Qxd3 Rc8 32. Qb1 Qxc3 33. Rxb6
Rc4 34. Rb8+ Kh7 35. Rb7 f6 36. Re7 Rb4 37. Qa2 Qc4 38. Qxc4 Rxc4 39. a5 Ra4
40. Rxe6 Rxa5 41. Rd6 Ra4 42. Kf3 Ra3+ 43. Ke2 h5 44. Rd3 Ra2+ 45. Ke3 Kg6 46.
h3 Ra4 47. f4 Rb4 48. Ra3 Rc4 49. g4 hxg4 50. hxg4 Rb4 51. Ra6 Kf7 52. Ra7+ Kg6
53. f5+ Kh6 54. g5+ fxg5 55. e5 g4 56. e6 Kg5 {1/2-1/2 Kasparov,G (2851)-Anand,
V (2769)/Wijk aan Zee 2000/CBM 075}) (18. Bf4 Be2 (18... c5 19. Qb2 e5 (19...
Rad8 20. Re1 Rd7 21. h3 h6 22. a4 Ba6 23. Qa2 Rfd8 24. a5 Nc4 25. Bf1 e5 26. g4
Qg6 27. Bxc4 exf4 28. Bd5 f3 29. c4 h5 30. Kh2 Qf6 31. Rg1 hxg4 32. Rab1 Bxc4
33. Qxc4 Qf4+ 34. Rg3 Rxd5 35. Qxd5 Rxd5 36. exd5 c4 37. Rd1 c3 38. d6 c2 39.
Rd3 Qc4 40. Re3 Qc6 41. Rd3 Qc5 {0-1 Jakovenko,D (2710)-Carlsen,M (2714)/
Moscow 2007/CBM 122}) 20. Be3 Rfc8 21. f3 Qg6 22. a4 a5 23. Bh3 Be6 24. Qxb6
Bxh3 25. Qxg6 fxg6 26. Kf2 Be6 27. Rab1 Rab8 28. Rxb8 Rxb8 29. Bxc5 Kf7 30. Bd6
Rb2+ 31. Ke3 Kf6 32. Bc7 Bc4 33. Rd6+ Ke7 34. Rd2 Rxd2 35. Kxd2 Ke6 36. f4 exf4
37. gxf4 Bb3 38. Bxa5 Bxa4 39. Ke3 Bb5 40. Bb6 Ba6 41. Bd4 Kf7 42. Be5 Bb7 43.
Kd4 h6 44. c4 g5 45. fxg5 hxg5 46. Bd6 Ke6 47. e5 Kd7 48. Kc5 Ba6 49. Bf8 g6
50. Kb4 Kc6 51. e6 Bc8 52. e7 Kd7 53. Kc5 Ba6 54. Kd5 g4 55. c5 Bb7+ 56. Ke5 g5
57. Kf5 Bf3 58. Kxg5 Ke8 59. Kf4 Be2 60. Ke5 Kd7 61. c6+ {1-0 Bacrot,E (2715)
-Grischuk,A (2710)/Poikovsky 2005/CBM 106}) (18... e5 19. Be3 Be2 20. Rd2 Rab8
21. Qc5 Bf3 22. a4 Nxa4 23. Qxc6 Nb6 24. Bxb6 axb6 {1/2-1/2 Wang Yue (2696)
-Jakovenko,D (2735)/Nizhnij Novgorod 2007/CBM 120}) 19. Re1 c5 20. Qb3 e5 21.
Bc1 Rac8 22. a4 Bc4 23. Qb2 Qg6 24. a5 Nd7 25. Rd1 Qc6 26. Bh3 Be6 27. Bxe6
Qxe6 28. Be3 Rc7 29. Qa2 Qxa2 30. Rxa2 Nf6 31. f3 Rfc8 32. Rb2 Kf8 33. Kf2 Ke7
34. Bg5 h6 35. Bxf6+ Kxf6 36. Rd6+ Ke7 37. Rd5 f6 38. Ke3 g5 39. c4 Rc6 40. Rb5
Ke6 41. f4 R6c7 42. Kf3 h5 43. Ke3 gxf4+ 44. gxf4 h4 45. f5+ Kf7 46. Kf3 Kg7
47. Rb1 Kh6 48. Rd6 Rc6 49. Re6 Rxe6 50. fxe6 Re8 51. Rb7 Rxe6 52. Rxa7 Rd6 53.
a6 h3 54. Kg4 Rd3 55. Ra8 Kg7 56. Kf5 Rd6 57. Ra7+ Kh6 58. Rf7 Rd2 59. a7 Rf2+
60. Ke6 Ra2 61. Kxf6 {1-0 Grischuk,A (2726)-Gelfand,B (2733)/Mexico City 2007/
CBM 120}) 18... c5 19. Qa5 Be2 $146 (19... Rfc8 20. Be3 (20. Bf4 e5 21. g4 Qxg4
22. Bxe5 Be2 23. Bg3 Bf3 24. h3 Qh5 25. Qb5 Bxg2 26. Kxg2 Qg6 27. Rad1 Rc6 28.
a4 h5 29. h4 Qe6 30. a5 a6 31. Qe2 Nc4 32. Rd5 Nxa5 33. Qxh5 Nc4 34. Qe2 Nb6
35. Re5 Qc4 36. Qf3 Nd7 37. Re7 Rf6 38. Qh5 Rh6 39. Qd5 Nb6 40. Qb7 Rf8 41. Rd1
Qxc3 42. e5 Re6 43. Rc7 Qb4 44. Rd6 Nc8 45. Rdd7 Qxb7+ 46. Rxb7 Nb6 47. Rd1 Nc4
48. Rd5 Rfe8 49. Rdd7 Nxe5 50. Bxe5 Rxe5 51. Rxf7 Kh8 52. Rxg7 Rg8 53. Rg3 Re2
54. Kf3 Re6 55. Rg5 Rf6+ 56. Kg3 Rc6 57. Kf4 Rxg5 58. hxg5 c4 59. Rb2 c3 60.
Rc2 Kg7 61. Ke4 Kg6 62. f4 Rc4+ 63. Ke5 Rc5+ 64. Kd4 Rf5 65. Ke4 Rc5 66. Kd3
Rf5 67. Rf2 Rc5 68. Kc2 Kf5 69. Rf3 Rc4 70. Rxc3 Rxf4 71. Rc5+ Kg6 72. Rc6+
Kxg5 73. Rxa6 {1/2-1/2 Harikrishna,P (2659)-Hracek,Z (2613)/Dresden 2008/
CB49_2008}) 20... Be2 21. Bf4 e5 22. Be3 Bg4 23. Qa6 f6 24. a4 Qf7 25. Bf1 Be6
26. Rab1 c4 27. a5 Na4 28. Rb7 Qe8 29. Qd6 {1-0 Kramnik,V-Anand,V/Bonn 2008})
20. Bf4 e5 21. Bxe5 Nc4 22. Qa6 Qxe5 23. Rxe2 Qxc3 24. Ree1 Nd2 25. Rac1 Qb4
26. e5 Rad8 27. Qxa7 c4 28. Re3 Rfe8 29. e6 fxe6 30. Rec3 e5 31. Bc6 Re7 32.
Qe3 e4 33. Kg2 h6 34. Rd1 Rd6 35. Rxd2 Rxc6 36. Rd8+ Kh7 37. Rd4 Kh8 38. a3 Qb5
39. Qe2 e3 40. Rxe3 Rxe3 41. Qxe3 Rc8 42. Qc3 Qb7+ 43. Kg1 Qb3 44. Qxb3 cxb3
45. Rb4 Rc1+ 46. Kg2 Rb1 47. g4 g5 48. Rb7 b2 49. f3 Ra1 50. Rxb2 Rxa3 51. Rb5
Kg7 52. h4 gxh4 53. Rh5 Ra2+ 54. Kh3 Ra3 55. Rf5 Kg6 56. Kxh4 h5 57. Rg5+ Kf7
58. Kxh5 Rxf3 59. Kh6 Rh3+ 60. Rh5 Rg3 61. g5 Kg8 62. Rh1 Ra3 63. Rb1 Ra6+ 64.
g6 Ra8 65. Rb7 1/2-1/2

[Event "XXVI Ciudad de Linares"]
[Site "Linares"]
[Date "2009.02.21"]
[Round "3"]
[White "Wang, Yue"]
[Black "Carlsen, Magnus"]
[Result "1/2-1/2"]
[WhiteElo "2739"]
[BlackElo "2776"]
[PlyCount "113"]
[EventDate "2009.??.??"]
[EventCountry "ESP"]
[Source "Chess Tigers"]
[SourceDate "2009.01.01"]

1. d4 d5 2. c4 e6 3. Nf3 Nf6 4. Nc3 Be7 5. Bg5 h6 6. Bxf6 Bxf6 7. Qc2 dxc4 (
7... O-O 8. O-O-O c5 (8... c6 9. e4 b5 10. cxb5 cxb5 11. Bxb5 Ba6 12. Kb1 Bxb5
13. Nxb5 Na6 14. e5 Be7 15. Rc1 Qa5 16. Nc3 Rab8 17. Qa4 Qb6 18. Rc2 Rfc8 19.
Rhc1 Rxc3 20. Qd7 Bf8 21. Ka1 Qxb2+ 22. Rxb2 Rxc1+ 23. Rb1 Rcxb1# {0-1 Volkov,
S (2628)-Aveskulov,V (2471)/ICC INT 2006/EXT 2007}) 9. dxc5 d4 10. Nxd4 Bxd4
11. Qe4 Nc6 12. e3 f5 13. Qf3 Qg5 14. h4 Bxe3+ 15. Qxe3 Qxe3+ 16. fxe3 Ne5 17.
Be2 Bd7 18. Rd6 Kf7 19. Bf3 Rac8 20. Rhd1 Rc7 21. b4 Ke7 22. Nb5 Bxb5 23. cxb5
b6 24. c6 g5 25. R6d4 Kf6 26. a4 Ng6 27. hxg5+ hxg5 28. Rd7 Rfc8 29. R1d6 g4
30. Bd1 Nf8 31. Rxc7 Rxc7 32. Bb3 Ke7 33. Rd1 Nh7 34. Rh1 Nf6 35. Rh6 Rc8 36.
Kc2 Kf7 37. Bc4 Rd8 38. Rh1 Ke7 39. a5 Rb8 40. Kb3 Rd8 41. axb6 axb6 42. Ra1
Ne4 43. Ra7+ Kf6 44. Rd7 Rh8 45. Bd3 Nf2 46. Bc2 g3 47. Rb7 Ng4 48. Rxb6 Rc8
49. Ra6 Nxe3 50. b6 Nxc2 51. b7 Rxc6 52. b5 Rc5 53. Rb6 Nd4+ 54. Kb4 Rxb5+ 55.
Rxb5 Nc6+ 56. Kc3 f4 57. Rc5 f3 58. Rxc6 fxg2 {1-0 Vallejo Pons,F (2686)
-Kasimdzhanov,R (2678)/Linares 2005/CBM 106}) 8. e3 (8. Ne4 b5 9. a4 Bb7 10.
axb5 a6 11. Nxf6+ Qxf6 12. Qxc4 O-O 13. Qxc7 axb5 14. Rxa8 Bxa8 15. e3 Bxf3 16.
gxf3 Qxf3 17. Rg1 Qf5 18. Qc3 Qb1+ 19. Kd2 Nd7 20. Qc2 Qa2 21. Bd3 e5 22. b3 {
1/2-1/2 Aronian,L (2739)-Ivanchuk,V (2751)/Morelia/Linares 2008/CBM 123}) 8...
c5 9. dxc5 (9. O-O-O cxd4 10. Nxd4 Qe7 11. Bxc4 O-O 12. Be2 Bd7 13. Bf3 Na6 14.
Kb1 Nc5 15. Nf5 Qe8 16. Nd6 Qe7 17. Rd2 Rab8 18. Rhd1 Bc6 19. Ne2 Bxf3 20. gxf3
b6 21. Ng3 Rfd8 22. f4 Nb7 23. Nge4 Bh4 24. f5 Nxd6 25. Nxd6 Bf6 26. f4 exf5
27. Nxf5 Qb4 28. Nd6 Be7 29. a3 Qc5 30. Qxc5 bxc5 31. e4 Bxd6 32. Rxd6 Rxd6 33.
Rxd6 Re8 34. e5 g5 35. fxg5 hxg5 36. Rd5 c4 37. Kc2 Kg7 38. Kc3 Rh8 39. e6 fxe6
40. Rxg5+ Kf6 41. Ra5 Rh3+ 42. Kxc4 Rxh2 43. b4 Rh7 44. Kd4 Rh4+ 45. Ke3 {1/
2-1/2 Alekseev,E (2711)-Riazantsev,A (2638)/Dagomys 2008/CBM 124}) 9... Qa5 10.
Bxc4 Qxc5 11. Ne4 Qa5+ (11... Qb4+ 12. Nfd2 Nd7 13. Bb3 Be7 14. O-O O-O 15. Qc7
Bd8 16. Qf4 Qe7 17. Rac1 Nb6 18. Nd6 Qf6 19. Qe4 Qe7 20. Qf4 Qf6 21. Qe4 Qe7
22. Qd4 Bd7 23. Nf3 Bc6 24. Ne5 Bc7 25. Nxc6 Qxd6 26. Qxd6 Bxd6 27. Rfd1 Nc8
28. Nd4 a6 29. f4 Re8 30. f5 e5 31. Nf3 e4 32. Nd2 Rb8 33. Kf2 Nb6 34. Nxe4
Bxh2 35. Nd6 Bxd6 36. Rxd6 Rbc8 37. Rxc8 Nxc8 38. Rd7 Rf8 39. Rxb7 Nd6 40. Rb6
Ne4+ 41. Kf3 Nd2+ 42. Kf4 Nxb3 43. Rxb3 Rd8 44. Rb6 Rd2 45. g4 Kf8 46. a4 a5
47. b3 Ke7 48. Rb5 Rb2 49. Ke5 f6+ 50. Kd5 Rd2+ 51. Kc5 Rc2+ 52. Kb6 Rg2 53. b4
Rxg4 54. bxa5 {1-0 Najer,E (2597)-Kruppa,Y (2582)/Elista 2000/CBM 079}) 12. Ke2
Be7 13. Rhc1 $146 (13. Qc3 Qxc3 14. Nxc3 a6 15. Rhd1 Nd7 16. Ne4 b5 17. Bb3 Bb7
18. Nd6+ Bxd6 19. Rxd6 Ke7 20. Rad1 Rhd8 21. R6d4 Rac8 22. Ne1 a5 23. f3 Rc7
24. e4 Rdc8 25. a3 g5 26. Ke3 Ne5 27. R4d2 Ba6 28. Rd6 Ra7 29. R6d2 b4 30. axb4
Rb8 31. Ra1 Rxb4 32. Ra3 a4 33. Ba2 Bc4 34. Bb1 Bf1 35. Ba2 Rab7 36. Nc2 Rxb2
37. Rxa4 Rc7 38. Kf2 Bb5 {0-1 Vallejo Pons,F (2686)-Topalov,V (2757)/Linares
2005/CBM 106}) (13. g4 Nd7 14. a3 Nf6 15. Ned2 Bd7 16. Rhg1 Rc8 17. Qb3 Qb6 18.
Qxb6 axb6 19. Ne5 Ba4 20. Rac1 Bd6 21. Ndf3 Ke7 22. h4 Rhd8 23. g5 Nd7 24. Nxd7
Rxd7 25. Bd3 Rdc7 26. Rxc7+ Rxc7 27. Nd4 Be5 28. Rg4 Bd7 29. Re4 f6 30. gxh6
gxh6 31. f4 Bxd4 32. Rxd4 Rc5 33. Rb4 b5 34. Kf2 Kd6 35. Rd4+ Kc7 36. Be4 Bc6
37. Bxc6 Rc2+ 38. Kf3 bxc6 39. b4 Rc3 40. f5 exf5 41. Kf4 Rxa3 42. Kxf5 Rxe3
43. Kxf6 Rc3 44. Ke5 h5 45. Re4 c5 46. Kd5 cxb4 47. Rxb4 Kb6 48. Kd4 Rc5 49.
Rb1 Rc4+ 50. Kd3 Rxh4 51. Kc3 Rc4+ 52. Kb3 h4 53. Rg1 Rc6 54. Rg5 Rh6 {0-1
Bacrot,E (2545)-Kortschnoj,V (2610)/Albert 1997/CBM 061}) 13... Bd7 14. Qc3
Qxc3 15. Rxc3 Nc6 16. a3 f5 17. Ned2 Bf6 18. Rc2 Ke7 19. Nb3 Rhd8 20. Nc5 Bc8
21. Rac1 Na5 22. Bb5 a6 23. Bd3 b6 24. b4 bxc5 25. bxa5 e5 26. Nd2 e4 27. Bc4
Bd7 28. f3 exf3+ 29. Nxf3 Bc6 30. Bd3 Rxd3 31. Kxd3 Be4+ 32. Kc4 Bxc2 33. Rxc2
Ke6 34. Ne1 Bd8 35. Nd3 Bxa5 36. Nxc5+ Ke5 37. Kd3 Ra7 38. Na4 Rd7+ 39. Ke2 Rc7
40. Rc5+ Rxc5 41. Nxc5 Bc7 42. Nxa6 Bd6 43. Nb4 Ke4 44. h3 Bc5 45. Nc2 g6 46.
a4 Bb6 47. Nb4 g5 48. Nc6 Bxe3 49. a5 Bc5 50. a6 Kf4 51. Kd3 Kg3 52. Kc4 Bb6
53. Kb5 Be3 54. Kc4 Bb6 55. Kb5 Be3 56. Kc4 Bb6 57. Kb5 1/2-1/2

[Event "XXVI Ciudad de Linares"]
[Site "Linares"]
[Date "2009.02.22"]
[Round "4"]
[White "Anand, Viswanathan"]
[Black "Wang, Yue"]
[Result "1-0"]
[WhiteElo "2791"]
[BlackElo "2739"]
[PlyCount "65"]
[EventDate "2009.??.??"]
[EventCountry "ESP"]
[Source "Chess Tigers"]
[SourceDate "2009.01.01"]

1. d4 d5 2. c4 c6 3. Nf3 Nf6 4. Nc3 a6 5. a4 e6 6. g3 dxc4 7. Bg2 c5 8. dxc5
Qxd1+ 9. Nxd1 Bxc5 (9... Nc6 10. Ne3 (10. Be3 Nd5 11. O-O Nxe3 12. Nxe3 Bxc5
13. Nxc4 Ke7 14. Rac1 Bd7 15. Nfe5 Nxe5 16. Nxe5 Bd6 17. Nxd7 Kxd7 18. Bxb7 Ra7
19. Bc6+ Ke7 20. b3 Rb8 21. Rb1 f5 22. e3 Rc7 23. Bf3 Rc3 24. Be2 Rcxb3 25.
Rxb3 Rxb3 26. Bxa6 Ra3 27. Bb5 Be5 28. Kg2 Ra1 29. Rxa1 Bxa1 30. a5 Be5 31. a6
Bb8 32. h4 Ba7 33. Kf3 Kf6 34. g4 h6 35. h5 g5 36. hxg6 Kxg6 37. gxf5+ exf5 38.
Bf1 Kg5 39. Kg3 Kf6 40. Bg2 Bb6 41. Kh4 Kg6 42. Bc6 Bd8+ 43. Kg3 Bb6 44. e4 Kf6
45. f4 fxe4 46. Bxe4 Ke6 47. Kg4 Kf6 48. Bg2 Ba7 49. Bh3 Bc5 50. f5 Ba7 {1-0
Aronian,L (2724)-Bacrot,E (2725)/Khanty Mansiysk 2005/CBM 111}) 10... Bxc5 (
10... c3 11. bxc3 Bxc5 12. O-O O-O 13. Nc4 Nd5 14. Bd2 Rd8 15. Rfb1 f6 16. e4
Nde7 17. Nb6 Bxb6 18. Rxb6 e5 19. Be3 Na5 20. Nd2 Nec6 21. Rb2 Be6 22. f4 Rd7
23. Bf1 Rc8 24. Kf2 Nd8 25. Bb6 Ndc6 26. Be2 Re8 27. Re1 Kf8 28. h4 Kg8 29. h5
h6 30. Rc1 Kf8 31. c4 Kg8 32. c5 Rd4 33. Ra1 Re7 34. Ke3 Red7 35. Nf3 Nc4+ 36.
Bxc4 Rxc4 37. fxe5 Rc3+ 38. Kf2 Bg4 39. Nh4 Nxe5 40. c6 bxc6 41. Kg2 Bf3+ 42.
Nxf3 Nxf3 43. Ba5 Rcd3 44. Rc1 Ng5 45. Rxc6 Nxe4 46. Be1 Nd6 47. Rxa6 Nc4 48.
Re2 Ne3+ 49. Kh3 Nf5 50. Ra5 Nd4 51. Ra8+ Kf7 52. Ree8 Nf3 53. Bb4 Ng5+ 54. Kg2
Rb3 55. Rf8+ Ke6 56. Rae8+ Kf5 57. Be1 Rb2+ 58. Kf1 Rd1 59. Re2 Rbb1 60. Rfe8
Nf3 61. Kf2 Nxe1 62. Rxe1 Rb2+ 63. R8e2 Rxe2+ 64. Kxe2 Rd4 65. Ra1 Rd6 66. a5
Ra6 67. Kf3 Kg5 68. g4 f5 69. gxf5 Kxf5 70. Ke3 Kg5 71. Kd4 Kxh5 72. Kc5 Kg4
73. Kb5 Ra8 74. a6 h5 75. Kb6 h4 76. Kb7 Rf8 77. a7 h3 78. Rg1+ Kf3 79. Rxg7 h2
80. Rh7 Kg2 81. Rg7+ Kf2 82. Rh7 Kg2 83. Rg7+ Kf2 84. Rh7 Kg2 85. Rg7+ Kf2 86.
Rh7 Kg2 {1-0 Sasikiran,K (2694)-Matamoros Franco,C (2525)/Beijing 2008/CBM 126
Extra}) 11. Nxc4 Ke7 (11... Nd5 12. O-O f6 13. a5 Ke7 14. Bd2 Rd8 15. e4 Nc7
16. e5 Nd5 17. Rad1 Rb8 18. Rfe1 Kf7 19. h4 h5 20. Bf1 Nce7 21. Bh3 b5 22. axb6
Nxb6 23. Rc1 Nxc4 24. Rxc4 Bb6 25. Bc3 Bd7 26. exf6 gxf6 27. Rce4 Nf5 28. Bxf5
exf5 29. Re7+ Kg6 30. Rd1 Bc6 31. Ne5+ fxe5 32. Rxd8 Rxd8 33. Re6+ Kf7 34. Rxc6
Bd4 35. Rxa6 Bxc3 36. bxc3 Rc8 37. Rh6 Rxc3 38. Rxh5 Kg6 39. Rg5+ Kf6 40. Rh5
Kg6 41. g4 fxg4 42. Rxe5 Rh3 43. Rg5+ Kh6 44. Rxg4 Kh5 45. Rg3 Rxh4 46. Kg2 Rg4
47. Kf3 Rxg3+ 48. Kxg3 {1/2-1/2 Pelletier,Y (2625)-Papa,S (2454)/Switzerland
2008/EXT 2009}) 12. O-O Nd5 (12... Bd7 13. Nfe5 Rac8 14. Nd3 Nd4 15. Bxb7 Rc7
16. Bf3 Nb3 17. Nxc5 Rxc5 18. Ra3 Nxc1 19. Rxc1 Rb8 20. e3 Rxb2 21. Nxb2 Rxc1+
22. Kg2 Rc2 23. Nd3 Rc4 24. Rb3 Rxa4 25. Rb7 Ra5 26. Nb4 Kd6 27. Ra7 Kc5 28.
Nd3+ Kd6 29. e4 e5 30. Nb4 Ra4 31. Rxa6+ Rxa6 32. Nxa6 Bc6 33. Kg1 Bb7 34. Nb4
Bxe4 35. Be2 Kc5 36. Nd3+ Kd4 37. Ne1 Kc3 38. f3 Bb1 39. Kf2 Nd5 40. Ng2 Kd4
41. Bd1 Nb4 42. Ne3 f5 43. f4 Nd3+ 44. Ke2 g6 45. fxe5 Nxe5 46. Bb3 Bd3+ 47.
Kf2 Nd7 48. Ng2 Nf6 49. Nf4 Bb5 50. Bd1 Bc6 51. Ne6+ Ke5 52. Ng5 Bd5 53. Nf3+
Bxf3 54. Kxf3 g5 55. Bc2 h6 56. Bd3 Nd5 57. Ba6 Ne7 58. Bd3 Ng6 59. Bc2 Nf8 60.
Bd3 Ne6 61. Ba6 Nd4+ 62. Kf2 Nb3 63. Ke3 Nc5 64. Bb5 Ne4 65. Ba6 Nf6 66. h3
Nd5+ 67. Kf3 Ne7 68. Bb5 Ng6 69. Bd7 Kf6 70. Bb5 Ke7 71. Ke3 Kf7 72. Be2 Kf6
73. Bd1 Ke5 74. Be2 Ne7 75. Bb5 Nd5+ 76. Kf3 Nf6 77. Ke3 h5 78. h4 g4 79. Kf2
Ne4+ 80. Kg2 Nd6 81. Bd3 Kd4 82. Bb1 Ke3 83. Bc2 Ne4 84. Bb3 f4 85. gxf4 Kxf4
86. Bc2 Nf6 87. Bd3 Ne8 88. Bg6 Ng7 89. Bf7 g3 90. Bd5 Kg4 91. Bc6 Kxh4 92. Bd7
Kg5 {1/2-1/2 Gelfand,B (2713)-Movsesian,S (2659)/Batumi 1999/CBM 074}) 13. Rd1
f6 14. Nfd2 Rd8 15. Nb3 Ba7 16. Nca5 Rb8 17. Nxc6+ bxc6 18. Na5 Bd7 19. b3 Bc5
20. Bd2 Bb4 21. Rac1 Rdc8 22. Bxb4+ Nxb4 23. f4 c5 24. Kf2 Rc7 25. Rc3 Be8 26.
Rdc1 Kd6 27. Re3 Bf7 28. Bh3 Ke7 29. Re4 g6 30. Rec4 Kd6 31. Bg2 Nd5 32. h4 Nb4
33. g4 h6 34. g5 hxg5 35. hxg5 fxg5 36. fxg5 Nd5 37. Rh1 Rb4 38. Rh8 Ke7 39.
Be4 e5 40. Rh7 Kd6 41. e3 Ke6 42. Bd3 Rb8 43. Rc1 Be8 44. Rch1 Rxh7 45. Rxh7
Nb4 46. Be4 Rd8 47. Nc4 Bc6 48. Bxg6 Rf8+ 49. Ke2 Bf3+ 50. Ke1 e4 51. Rh6 Nd3+
52. Kd2 Ke7 53. Kc3 Rd8 54. Rh7+ Ke6 55. Rc7 Rh8 56. Bh7 Nb4 57. Rxc5 Nd5+ 58.
Rxd5 {1-0 Aronian,L (2750)-Movsesian,S (2751)/Wijk aan Zee 2009/CB06_2009}) 10.
Ne5 (10. O-O Nc6 11. Be3 Be7 12. Nd2 Na5 13. Bb6 Nb3 14. Nxb3 cxb3 15. Ne3 O-O
16. Rfd1 Bd7 17. Rd3 Rac8 18. Rxb3 Bc6 19. Bxc6 Rxc6 20. Rd1 Rfc8 21. Kg2 Kf8
22. Bd4 R6c7 23. Be5 Rc5 24. Bxf6 Bxf6 25. Rxb7 R5c7 26. Rb6 Rc6 27. a5 Ke8 28.
b3 Bd8 29. Rxc6 Rxc6 30. b4 Be7 31. Rb1 Kd7 32. b5 axb5 33. Rxb5 Rc5 34. Rb7+
Rc7 35. Rb1 Bc5 36. Kf3 f6 37. a6 Ra7 38. Nc4 Kc7 39. Rb5 Kc6 40. Rb7 Rxa6 41.
Rxg7 Ra7 42. Rg8 Kd5 43. Nd2 f5 44. Rd8+ Ke5 45. Nc4+ Kf6 46. Rc8 Be7 47. e3
Ra2 48. h3 Bb4 49. Rb8 Be1 50. Rb2 Rxb2 51. Nxb2 e5 52. g4 e4+ 53. Kg3 Ba5 54.
Nc4 Bc7+ 55. Kh4 Kg6 56. gxf5+ Kxf5 57. Kh5 Bh2 58. Nb2 Be5 59. Na4 Bg7 60. Kh4
Bf6+ 61. Kg3 Be5+ 62. Kg2 Bd6 63. Nc3 Bc7 64. Nb5 Bb8 65. Nd4+ Kg5 66. Ne2 Kf5
67. Ng3+ Ke5 68. h4 Bd6 69. Kh3 Bb4 70. Kg4 Be1 71. Nh1 Bb4 72. Kh5 Be7 73. Ng3
Bb4 74. Kh6 Be1 75. Nh1 Kf5 76. Kxh7 Kg4 77. Kg6 Kxh4 78. Kf5 Kh3 79. Kxe4 Kg2
80. f4 Kxh1 81. Kf3 Kh2 82. f5 Kh3 83. f6 Kh4 84. Kf4 Kh5 85. Kf5 Kh6 86. e4
Kh7 87. Ke6 Kg6 88. e5 Bb4 {1/2-1/2 Xu Jun (2668)-Onischuk,A (2627)/Beijing
2000/CBM 078}) (10. Be3 Nbd7 11. Nd2 c3 12. bxc3 Bxe3 13. Nxe3 Nc5 14. O-O Bd7
15. Rfb1 Rb8 16. a5 Ke7 17. Rb4 Rhc8 18. Nb3 Nxb3 19. Rxb3 Bc6 20. Rab1 Bxg2
21. Kxg2 Rc7 22. Rb4 Nd7 23. Nc4 Nc5 24. Nb2 Rd8 25. Nd3 Nxd3 26. exd3 Rdd7 27.
R1b3 Kd8 28. d4 Kc8 29. Kf3 Rd5 30. Ra3 Rf5+ 31. Ke3 g5 32. f3 Rd7 33. c4 h5
34. Ke4 h4 35. d5 Rf6 36. Rb6 exd5+ 37. cxd5 Rxb6 38. axb6 Rd6 39. Rc3+ Kd8 40.
Rc7 Rxb6 41. Rxf7 a5 42. f4 Ke8 43. Rc7 gxf4 44. gxh4 a4 45. Rc3 Rb3 46. Rc8+
Kd7 47. Ra8 a3 48. Kxf4 Kd6 49. Ke4 Rh3 50. Kd4 Rxh4+ 51. Kc3 b5 52. Kb3 b4 53.
Ra5 Rf4 54. Rb5 Rd4 55. Kc2 Rf4 56. Kb3 Kc7 57. Ka2 Re4 58. Kb3 Rh4 59. h3 Rf4
60. Ka2 Kd6 61. Kb3 Re4 62. Ra5 Ke5 63. Rb5 Rd4 64. Kc2 Re4 65. Kb3 Rf4 66. Ra5
Kd6 67. Rb5 Kc7 68. Ka2 Rf2+ 69. Ka1 Rb2 70. h4 Kd6 71. h5 b3 72. h6 Ra2+ 73.
Kb1 Rb2+ 74. Ka1 {1/2-1/2 Onischuk,A (2644)-Volkov,S (2632)/Kallithea 2008/CBM
127}) 10... Nd5 11. Ne3 (11. O-O f6 12. Nxc4 Nc6 13. Nc3 Nxc3 14. bxc3 Ke7 15.
Nd2 Kf7 16. Ne4 Be7 17. Be3 Na5 18. Rfd1 Nc4 19. Bc5 Rd8 20. Rxd8 Bxd8 21. Rd1
Be7 22. Rd4 Bxc5 23. Nxc5 Na5 24. Rd8 Nc6 25. Bxc6 bxc6 26. Rd6 e5 27. a5 Rb8
28. Rxc6 Rb1+ 29. Kg2 Bb7 30. Nxb7 Rxb7 31. Kf3 Rb5 32. Rxa6 Rc5 33. Ke4 Rxc3
34. Rb6 Rc5 35. a6 Ra5 36. Rb7+ Kg6 37. a7 f5+ 38. Kd3 Kf6 39. h4 h5 40. Kc4 g5
41. Kb4 Ra1 42. Kb5 Rb1+ 43. Kc6 Ra1 44. Kc7 f4 45. Kb8 e4 {1-0 Simeonidis,I 
(2340)-Skaperdas,K (2285)/Aspropyrgos 2003/CBM 097 ext}) (11. Nxc4 Ke7 (11...
Nc6 12. Nde3 {1/2-1/2 Gyimesi,Z (2500)-Soffer,R (2525)/Balatonbereny 1997/EXT
2001}) 12. O-O Nc6 13. Nc3 Rd8 14. Ne4 Bb4 15. Rd1 Bd7 16. b3 Be8 17. Bd2 f6
18. Bxb4+ Ncxb4 19. Bf3 b5 20. Na5 Rab8 21. Rdc1 Rdc8 22. axb5 axb5 23. Nc5 Rc7
24. Bxd5 Nxd5 25. Nd3 Rbc8 26. Rxc7+ Rxc7 27. e4 Nc3 28. Re1 Ra7 29. b4 Rd7 30.
Nc5 Rd4 31. e5 f5 32. Nab7 Rxb4 33. Nd6 Bc6 34. Nc8+ Kd8 35. Nd6 Bd5 36. Ra1
Rb2 37. f3 Kc7 38. Nd3 Rd2 39. Nf4 Ba2 40. Rc1 b4 41. Nb5+ Kb6 42. Nxc3 bxc3
43. Rxc3 g5 44. Rd3 Rxd3 45. Nxd3 Bb1 46. Nc1 Kc5 47. Kf2 f4 48. gxf4 gxf4 49.
Ne2 Bf5 50. Nxf4 {1/2-1/2 Yevseev,D (2475)-Atalik,S (2585)/Groningen 1998/EXT
2002}) 11... Nxe3 12. Bxe3 Bxe3 13. fxe3 c3 $146 (13... Nd7 14. Nxc4 Rb8 15.
O-O Ke7 16. Rac1 Rd8 17. a5 f6 18. Rfd1 b6 19. b4 bxa5 20. Nxa5 Ne5 21. Rc7+
Rd7 22. Nc6+ Nxc6 23. Rdxd7+ Bxd7 24. Bxc6 Kd6 25. Rxd7+ Kxc6 26. Rxg7 Rb7 27.
Rg4 f5 28. Rh4 Kd5 29. Rd4+ Ke5 30. Rc4 Kf6 31. e4 Rb5 32. exf5 exf5 33. Kg2 a5
34. bxa5 Rxa5 35. Rc7 Kg6 36. Rc6+ Kg7 37. Kf3 Ra4 38. h3 Rb4 39. e3 Ra4 40.
Rd6 Rb4 41. Rd4 Rb6 42. Kf4 Kf6 43. g4 fxg4 44. hxg4 Kg6 45. Rd5 Rf6+ 46. Rf5
Ra6 47. Rg5+ Kf6 48. Rb5 h6 49. e4 Kg6 50. Rd5 Rb6 51. Rd8 Rf6+ 52. Ke5 Rf1 53.
Ke6 Rf6+ 54. Ke7 Rf7+ 55. Ke8 Rf6 56. Kd7 Rf7+ 57. Kc6 Rf4 58. Kd5 Kf7 59. Rd7+
Ke8 60. Rg7 Kf8 61. Rg6 Kf7 62. Rb6 Rxg4 63. e5 Ra4 64. Kc6 Ke7 65. Kb5 {1/2-1/
2 Gajewski,G (2581)-Swiercz,D (2472)/Chotowa 2009/CB07_2009}) (13... Bd7 14.
Nxc4 Bc6 15. O-O Bxg2 16. Kxg2 Nc6 17. Nd6+ Ke7 18. Nxf7 Rhf8 19. Ng5 h6 20.
Nf3 Rad8 21. Rac1 Rd5 22. Rc4 g5 23. b4 Rfd8 24. h4 Rd1 25. Rf2 Rb1 26. hxg5
hxg5 27. Nxg5 Rg8 28. Rf7+ Ke8 29. Rxb7 Nd8 30. Ne4 Nxb7 31. Nf6+ Kf7 32. Nxg8
Nd6 33. Nh6+ Kg6 34. Rc6 {1-0 Ragger,M (2518)-Schneider,I (2486)/Germany 2009/
CB06_2009}) 14. b4 Nd7 15. Nd3 Rb8 16. O-O b5 17. axb5 Rxb5 18. Rfc1 Ne5 19.
Nxe5 Rxe5 20. Rxc3 O-O 21. Bc6 Rd8 22. e4 Kf8 23. Kf2 Ke7 24. b5 axb5 25. Ra7+
Kf6 26. Rf3+ Kg6 27. Rfxf7 Rg8 28. Rfc7 Rh5 29. h4 Kf6 30. Ra8 Rc5 31. Rcxc8
Rxc8 32. Rxc8 b4 33. Bd7 1-0